Lokacje w Łodzi - quiz na mapie - Statystyki

Ogólne statystyki
  • Ten quiz został rozwiązany 77 razy
  • Średni wynik to 9 z 13
Odpowiedzi na mapie
Odpowiedzi zakodowano w zielono-czerwonej skali na mapie do tego quizu, zgodnie z poniższymi procentami.
 
Statystyki odpowiedzi
Odpowiedź % Poprawnych
Port Lotniczy Łódź im. Władysława Reymonta
84%
ulica Piotrkowska
84%
Las Łagniewnicki
82%
Manufaktura
79%
Stadion Miejski Widzewa Łódź
77%
Plac Wolności
73%
Łódź Fabryczna
70%
Stajnia Jednorożców
66%
Księży Młyn
61%
Centrum Nauki i Techniki EC1
59%
Miejski Ogród Zoologiczny (Orientarium)
52%
Park na Zdrowiu
50%
Stadion Miejski im. Władysława Króla
50%
Nie znaleziono quizów pasujących do podanych kryteriów
Rozkład punktacji
Procent ludzi z każdym wynikiem
Percentyl według liczby udzielonych odpowiedzi
Twoja historia wyników
Nie rozwiązałeś tego quizu